000 00654nam a22002297a 4500
003 BUBTL
008 231119b ||||| |||| 00| 0 eng d
020 _a817649920-X
041 _aeng
082 _a428/ H3631g/ 2004
100 _95582
_aHeidrich, Delana
245 _aGrammar & Punctuation 6/
_cDelana Heidrich
250 _aIst ed.
260 _aNew Delhi :
_bViva Education,
_cc2004
300 _a108 p. :
_c23 cm.
505 _aGrammar & Punctuation 6, Delana Heidrich, English Grammar
526 _aEnglish Grammar
650 0 _9194
_aEnglish Language
856 _k0
_l0
_yDownload
942 _2ddc
_cBK
999 _c7144
_d7144